A Kalocsai járás öröksége - A Kalocsai járás örökségének vizsgálata különösen gasztroturisztikai szempontból
| Szerző: | |
|---|---|
| További közreműködők: | |
| Dokumentumtípus: | Diplomadolgozat |
| Kulcsszavak: | Bács-Kiskun egyház gasztronómia gasztroturizmus Kalocsa népművészet örökség |
| Online Access: | http://dolgozattar.uni-bge.hu/59472 |
MARC
| LEADER | 00000nta a2200000 i 4500 | ||
|---|---|---|---|
| 001 | dolg59472 | ||
| 005 | 20260409145117.0 | ||
| 008 | 260409suuuu hu om 000 hun d | ||
| 040 | |a BGE Dolgozattár Repozitórium |b hun | ||
| 041 | |a hu | ||
| 100 | 1 | |a Rideg Hajnalka Julianna | |
| 245 | 1 | 2 | |a A Kalocsai járás öröksége - A Kalocsai járás örökségének vizsgálata különösen gasztroturisztikai szempontból |c Rideg Hajnalka Julianna |h [elektronikus dokumentum] |
| 520 | 3 | |a A szakdolgozat a Kalocsai járás örökségét vizsgálja meg, feltárja elemeit, és különösen a gasztronómiát, ezen belül pedig a paprikatermesztést kapcsolja a turizmushoz. Az egyház és a népművészet is fontos szereppel bír a Kalocsai járás örökségében ezek is komoly múlttal rendelkeznek, és ugyanúgy említésre méltóak. A pingálás, a népviselet, a különféle tárgyak díszítése ma már ikonikussá vált a kalocsai mintának köszönhetően. A kalocsai fűszerpaprika és gasztronómia is népszerűségnek örvend, habár ezt lehetne fejleszteni. A gasztroturizmus egy népszerű alfaja a turizmusnak, amit a helyiek megfelelő kihasználással a javukra fordíthatnak. | |
| 695 | |a Bács-Kiskun | ||
| 695 | |a egyház | ||
| 695 | |a gasztronómia | ||
| 695 | |a gasztroturizmus | ||
| 695 | |a Kalocsa | ||
| 695 | |a népművészet | ||
| 695 | |a örökség | ||
| 700 | 1 | |a Benke Eszter Éva |e ths | |
| 856 | 4 | 0 | |u http://dolgozattar.uni-bge.hu/59472/1/RidegHajnalkaJulianna_AKalocsaij%C3%A1r%C3%A1s%C3%B6r%C3%B6ks%C3%A9ge.pdf |z Dokumentum-elérés |
| 856 | 4 | 0 | |u http://dolgozattar.uni-bge.hu/59472/2/Szakdolgozat%20Rideg%20Hajnalka.pdf |z Dokumentum-elérés |
| 856 | 4 | 0 | |u http://dolgozattar.uni-bge.hu/59472/3/6%20RIDEG%20HAJNALKA%20JULIANNA.pdf |z Dokumentum-elérés |